000 00875nam a22002177a 4500
999 _c19841
_d19841
003 AR-CdUCM
008 190522b ||||| |||| 00| 0 spa d
040 _aMUNICIPALIDAD PROVINCIAL DEL CUSCO
_cBIBLIOTECA MUNICIPAL DEL CUSCO
082 _a926.185 /
_bH41P
100 _aPaz Soldan C. E.
_941476
245 _aLos grandes médicos peruanos :
_bHeredia y sus discipulos
260 _aLima :
_bSan Marcos,
_c1956.
300 _a237 páginas ;
_c22 cm.
440 _aBiblioteca de cultura sanitaria - Instituto de medicina social
_941477
505 _aContenido: La medicina clásica y su evolución en el Perú -- La vida ejemplar de Heredia -- Los Discípulos...
650 _aMédicos famosos de la era galénica vireinal
_941478
650 _aNiñez y escolaridad
_941479
650 _aJose Mariano MAcedo
_941480
942 _2ddc
_cLIBROS
945 _aJavier
_d2019-05-22